| 000 | 00938nam a22003137a 4500 | ||
|---|---|---|---|
| 001 | 000369 | ||
| 003 | DO-SdBNP | ||
| 005 | 20171121114045.0 | ||
| 007 | 000369 | ||
| 008 | 160706b 2007 sp ||||| |||| 00| 0 spa d | ||
| 020 | _a9788466320832 | ||
| 040 |
_aBPMSU _bspa _cBPMSU |
||
| 082 | 4 |
_aPe863.44 _bV297j 2008 |
|
| 100 | 1 |
_aVargas Llosa, Mario, _d1936- |
|
| 245 | 1 | 0 |
_aLos jefes : _bLos cachorros / _cMario Vargas Llosa. |
| 250 | _a2.ed. | ||
| 260 |
_aMadrid : _bPunto de Lectura, _c2007. |
||
| 300 |
_a164 p. ; _b19 cm. |
||
| 490 | 1 |
_aPunto de lectura ; _v4 |
|
| 490 | 1 |
_aPunto de lectura ; _v11 |
|
| 500 | _aIncluye datos biográficos del autor p. : 4 | ||
| 648 | 4 | _2CUENTOS PERUANOS | |
| 650 | 4 | _aLITERATURA PERUANA | |
| 830 |
_pPunto de lectura ; _v4/11 |
||
| 910 | _aValidado. Control de calidad MFF | ||
| 942 |
_2ddc _cBK |
||
| 945 | _a Inventariado extranjero / 2017 VM | ||
| 956 |
_2LOPEREZ _310 _620160706 _8BPMSU _a00041 |
||
| 999 |
_c10736 _d10736 |
||